000 00344nam a2200157Ia 4500
100 _aWolf/Wayne
650 _aEmbedded computing
942 _cRB
366 _f20
245 _aHigh performance embedded computing
260 _bMorgan Kaufmann
_c2008
082 _a3.3
_bWOL
300 _a372
546 _aENGLISH
_cComputers
999 _c19237
_d19237